Inversión extrajera directa en América Latina: el caso de Mercosur y México = Foreign direct investment in Latin America: the case of Mercosur and Mexico /
Se presenta un análisis de la Inversión Extranjera Directa entre los países del Mercosur y México, a partir del enfoque propuesto por la CEPAL. Se muestra un vínculo existente entre las economías sudamericanas y la mexicana; se resalta además la inversión recíproca como un elemento de gran importanc...
Zapisane w:
| 1. autor: | |
|---|---|
| Format: | Texto |
| Hasła przedmiotowe: | |
| Etykiety: |
Dodaj etykietę
Nie ma etykietki, Dołącz pierwszą etykiete!
|
MARC
| LEADER | 00000 a a2200000 04500 | ||
|---|---|---|---|
| 001 | 42752 | ||
| 003 | |||
| 040 | |||
| 100 | |a Morales Fajardo, María Esther | ||
| 245 | |a Inversión extrajera directa en América Latina: el caso de Mercosur y México = |b Foreign direct investment in Latin America: the case of Mercosur and Mexico / |c María Esther Morales Fajardo | ||
| 500 | |a chess56@hotmail.com | ||
| 520 | |a Se presenta un análisis de la Inversión Extranjera Directa entre los países del Mercosur y México, a partir del enfoque propuesto por la CEPAL. Se muestra un vínculo existente entre las economías sudamericanas y la mexicana; se resalta además la inversión recíproca como un elemento de gran importancia. Se expone la inversión mexicana realizada en el Mercosur y las inversiones de sus cuatro países miembros en México en el periodo 1991-2008. Finalmente, se observa que los mismos obedecen a los patrones propuestos por la CEPAL. | ||
| 590 | |a KSR/MAYO2012 | ||
| 650 | |a 1.INVERSION EXTRANJERA | ||
| 650 | |a 2.MERCOSUR | ||
| 650 | |a 3.CEPAL | ||
| 650 | |a 4.MEXICO | ||
| 650 | |a 5.AMERICA LATINA | ||
| 650 | |a 6.ECONOMIA | ||
| 773 | |g volumen11, número29 ( , 2009), páginas 98-116 : tablas, gráficos | ||
| 999 | |c 34254 |d 34254 | ||
